000 00511nam a22001937a 4500
999 _c8062
_d8062
003 OSt
005 20230120111937.0
008 230120b ||||| |||| 00| 0 eng d
020 _a0415417570
040 _cddc
082 _a307.76 WAL 2007
100 _aWalvin, James
_916408
245 _aEnglish urban life, 1776-1851
260 _aLondon ;
_bHutchinson :
_c1984
300 _a216 p. ;
_c 25 cm
504 _aIncludes index.
650 _aCities and towns -- England -- Growth
_916409
942 _2ddc
_cBOOK